Loading...
Fine Arts - Classical Music | 6 | 20.00 | 100% | 67% | 33% |
Fine Arts - Other Fine Arts | 8 | 15.00 | 88% | 63% | 0% |
Fine Arts - Painting & Sculpture | 7 | 12.86 | 100% | 14% | 14% |
History - American History | 6 | 18.33 | 100% | 67% | 17% |
History - European History | 8 | 21.25 | 100% | 88% | 25% |
History - Other History | 5 | 20.00 | 100% | 60% | 40% |
History - World History | 4 | 20.00 | 100% | 100% | 0% |
Literature - American Literature | 6 | 15.00 | 100% | 50% | 0% |
Literature - British Literature | 6 | 10.00 | 100% | 0% | 0% |
Literature - European Literature | 7 | 17.14 | 100% | 71% | 0% |
Literature - World Literature | 8 | 13.75 | 75% | 50% | 13% |
Mythology | 7 | 15.71 | 100% | 57% | 0% |
Other | 4 | 22.50 | 100% | 75% | 50% |
Philosophy | 6 | 15.00 | 100% | 33% | 17% |
Religion | 6 | 13.33 | 83% | 33% | 17% |
Science - Biology | 6 | 11.67 | 83% | 33% | 0% |
Science - Chemistry | 6 | 6.67 | 67% | 0% | 0% |
Science - Other Science | 5 | 8.00 | 80% | 0% | 0% |
Science - Physics | 6 | 8.33 | 83% | 0% | 0% |
Social Science | 8 | 15.00 | 100% | 50% | 0% |